00517nam a2200145Ia 4500008004100000041000800041082001700049100001900066245004500085260004200130300003200172365000900204999001500213952014300228240624s9999 xx 000 0 und d aeng a332.6322 CON aCONRAD ROGER S aPOWER HUNGRY STRATEGIC INVESTING IN TELE c2002aNew JerseybJohn Wiley and Sons axxvi, : 310 : p. : cm. ; 23 cb35 c8185d8185 00104070aIMTNbIMTNcRack 11-Ad2008-01-23eBUg44.94l1m1o332.6322 CONp8185r2025-07-12 00:00:00s2025-07-03t39.27w2024-06-24yBK